<?xml version="1.0" encoding="UTF-8"?>
<record
    xmlns:xsi="http://www.w3.org/2001/XMLSchema-instance"
    xsi:schemaLocation="http://www.loc.gov/MARC21/slim http://www.loc.gov/standards/marcxml/schema/MARC21slim.xsd"
    xmlns="http://www.loc.gov/MARC21/slim">

  <leader>01535naa a2200253 i 4500</leader>
  <controlfield tag="001">6342</controlfield>
  <controlfield tag="003">KOSZ 005</controlfield>
  <controlfield tag="005">20180404140304.0</controlfield>
  <controlfield tag="008">160120s2012    pl     f     |100 0 pol d</controlfield>
  <datafield tag="040" ind1=" " ind2=" ">
    <subfield code="c">BPK</subfield>
    <subfield code="d">KOSZ 005/ac</subfield>
  </datafield>
  <datafield tag="041" ind1=" " ind2=" ">
    <subfield code="a">pol</subfield>
    <subfield code="b">eng</subfield>
  </datafield>
  <datafield tag="080" ind1=" " ind2=" ">
    <subfield code="a">004.43</subfield>
  </datafield>
  <datafield tag="100" ind1="1" ind2=" ">
    <subfield code="a">KILI&#x143;SKA-WI&#x15A;NIEWSKA, Alicja - doktorant.</subfield>
    <subfield code="b">Politechnika Koszali&#x144;ska - Wydzia&#x142; Elektroniki i Informatyki</subfield>
  </datafield>
  <datafield tag="245" ind1="1" ind2="0">
    <subfield code="a">UML i Executable UML /</subfield>
    <subfield code="c">Alicja Kili&#x144;ska-Wi&#x15B;niewska.</subfield>
  </datafield>
  <datafield tag="246" ind1="3" ind2="1">
    <subfield code="a">UML and Executable UML </subfield>
  </datafield>
  <datafield tag="500" ind1=" " ind2=" ">
    <subfield code="a">Dane z autopsji.</subfield>
  </datafield>
  <datafield tag="520" ind1=" " ind2=" ">
    <subfield code="a">Artyku&#x142; ma na celu przedstawienie aspekt&#xF3;w modelowania rozproszonego &#x15B;rodowiska bazodanowego w uj&#x119;ciu heterogenicznym przy zastosowaniu j&#x119;zyka UML i jego potomka xUML. W artykule zostanie przedstawione wprowadzenie do j&#x119;zyka UML oraz xUML historia j&#x119;zyk&#xF3;w oraz ich specyfikacja. Executable UML jest podstawowym kryterium w modelowaniu MDA. Jest to nowe podej&#x15B;cie do tworzenia specyfikacji i aplikacji na podstawie modelu niezale&#x17C;nie od platformy na kt&#xF3;rej ten system ma funkcjonowa&#x107;.</subfield>
  </datafield>
  <datafield tag="650" ind1=" " ind2="0">
    <subfield code="a">J&#x119;zyki programowania.</subfield>
  </datafield>
  <datafield tag="650" ind1=" " ind2="0">
    <subfield code="a">UML.</subfield>
  </datafield>
  <datafield tag="655" ind1=" " ind2="0">
    <subfield code="a">Materia&#x142;y konferencyjne.</subfield>
  </datafield>
  <datafield tag="711" ind1="2" ind2="2">
    <subfield code="a">Krajowa Konferencja Student&#xF3;w i M&#x142;odych Pracownik&#xF3;w Nauki "XXI wiek er&#x105; elektroniki i teleinformatyki"</subfield>
    <subfield code="n">(9 ;</subfield>
    <subfield code="d">2012 ;</subfield>
    <subfield code="c">Koszalin, Polska).</subfield>
  </datafield>
  <datafield tag="773" ind1="0" ind2=" ">
    <subfield code="i">W :</subfield>
    <subfield code="t">Modele in&#x17C;ynierii teleinformatyki 7 : wybrane zastosowania / red. nauk. Krzysztof Bzdyra. -</subfield>
    <subfield code="d">Koszalin : Wydaw. Uczelniane Politechniki Koszali&#x144;skiej, 2012. -</subfield>
    <subfield code="g">s. 55-60</subfield>
  </datafield>
  <datafield tag="942" ind1=" " ind2=" ">
    <subfield code="c">ROZ</subfield>
    <subfield code="2">UKD</subfield>
  </datafield>
  <datafield tag="999" ind1=" " ind2=" ">
    <subfield code="c">6342</subfield>
    <subfield code="d">6342</subfield>
  </datafield>
  <datafield tag="952" ind1=" " ind2=" ">
    <subfield code="0">0</subfield>
    <subfield code="1">0</subfield>
    <subfield code="4">0</subfield>
    <subfield code="7">0</subfield>
    <subfield code="a">BPK</subfield>
    <subfield code="b">BPK</subfield>
    <subfield code="o">101732</subfield>
    <subfield code="y">ROZ</subfield>
  </datafield>
</record>
